Dohodárom sa obchodníci vyhýbajú

Zvýšená cena práce, ale aj byrokratická vojna s úradmi. Nový Zákonník práce - čo sa pre obchodníkov zmenilo, hrozby vyplývajúce z novej legislatívy.

Salvato in:
Dettagli Bibliografici
Autore principale: Jurašková, Tatiana
Natura: Capitolo di libro
Lingua:slovacco
Soggetti:
Tags: Aggiungi Tag
Nessun Tag, puoi essere il primo ad aggiungerne!!

MARC

LEADER 00000naa a2200000 4500
001 0172174
005 20231208065904.6
041 0 |a slo 
044 |a SK 
245 1 0 |a Dohodárom sa obchodníci vyhýbajú  |c Tatiana Jurašková 
520 |a Zvýšená cena práce, ale aj byrokratická vojna s úradmi. Nový Zákonník práce - čo sa pre obchodníkov zmenilo, hrozby vyplývajúce z novej legislatívy. 
610 2 0 |a maloobchod 
610 2 0 |a obchodníci 
610 2 0 |a zamestnanci 
610 2 0 |a študenti 
610 2 0 |a zákonník práce 
100 1 |a Jurašková, Tatiana